000 00560nam a2200181Ia 4500
003 IN-BaIIA
008 211028s9999 xx 000 0 eng d
040 _cIIA Library
080 _a(05)52
_bANN-8
245 0 _aAnnual review of astronomy and astrophysics
_cedited by Leo Goldberg
260 _aPalo Alto, California
_bAnnual Reviews
_c1970
300 _aix, 495p.
650 _aAstronomy and astrophysics thesaurus
650 _aAstronomy-Periodicals
_94087
650 _aAstrophysics-Periodicals
_94088
700 _aGoldberg, Leo., ed.
_94090
942 _cBK
999 _c3610
_d3610